|
|
|
|
| LEADER |
01012nam a2200337 4500 |
| 001 |
DLU090093981 |
| 005 |
##20091201 |
| 040 |
# |
# |
|a DLU
|b eng
|
| 041 |
# |
# |
|a eng
|
| 044 |
# |
# |
|a us
|
| 245 |
# |
# |
|a Determination of Pb complexation in oxic and sulfidic waters using pseudovoltammetry /
|c Tim F. Rozan ... [et al.].
|
| 653 |
# |
# |
|a Geochemistry
|
| 653 |
# |
# |
|a Heavy metal
|
| 653 |
# |
# |
|a Hydrochemistry
|
| 653 |
# |
# |
|a Thermodynamic properties
|
| 653 |
# |
# |
|a Voltammetry
|
| 653 |
# |
# |
|a Water pollution
|
| 700 |
# |
# |
|a Luther, George W., III.
|
| 700 |
# |
# |
|a Ridge, Doug.
|
| 700 |
# |
# |
|a Robinson, Scott.
|
| 700 |
# |
# |
|a Rozan, Tim F.
|
| 773 |
# |
# |
|t Environmental Science & Technology
|g Vol. 37, no. 17 (September 2003), p. 3845-3852
|
| 920 |
# |
# |
|a Phòng Tạp chí -- Trung tâm Thông tin - Thư viện Trường Đại học Đà Lạt
|
| 994 |
# |
# |
|a DLU
|
| 900 |
# |
# |
|a True
|
| 911 |
# |
# |
|a Trương Bảo Trâm Anh
|
| 925 |
# |
# |
|a G
|
| 926 |
# |
# |
|a A
|
| 927 |
# |
# |
|a BB
|
| 980 |
# |
# |
|a Thư viện Trường Đại học Đà Lạt
|